000 01688nam a22002897a 4500
003 DO-SdBNP
005 20221003120017.0
007 ta
008 210806e2021dr ||||er|||| 001 edspa d
020 _a9789945618341
040 _aDO-SdBNP
_bspa
_cBNPHU
082 4 _a972.94
_bS479h
_222
100 1 _aSepúlveda Solano, Santiago,
_d1953-
_979422
245 1 0 _aHaití :
_btrauma de un proceso de colonización fracasado /
_cSantiago Sepúlveda Solano.
260 _aSanto Domingo :
_bAmigo del Hogar,
_c2021.
300 _a401 p. ;
_c23 cm.
500 _aIncluye datos biográficos del autor en la solapa de la cubierta
504 _aBibliografía : p. 393-397
505 0 _aEn forma de prólogo --
_tPalabras introductorias --
_tIntroducción --
_tUn panorama preocupante --
_tLa génesis de una trajedia --
_tAnidando las identidades --
_tAtizando la caldera del odio --
_tNegros libertos norteamericanos, en la isla de Santo Domingo --
_tLos herederos de la luz y del odio en Santo Domingo --
_tHaití; de las crisis a los aislamientos --
_tOcupación norteamericana e inicio del proyecto migratoria --
_tUna creación justa, digna y valedera --
_tEl batey : de la convivencia social al espacio legal --
_tHacia el control municipal y comunitario de los migrantes --
_tAtaque frontal al problemahaitiano --
_tLa frontera con Haití, el kilómetro cero.
590 _aInventariado, 2021 /LP
651 4 _aHaití
_xHistoria
_98418
651 4 _aHaití
_xEmigración e inmigración
_91425
651 4 _aHaiti
_xColonización
_982467
651 4 _aHaití
_xHistoria
_yOcupación norteamericana,1915-1934
_982468
910 _aLopérez/Validado. Control de calidad MFF
942 _2ddc
_cLBS1
999 _c50192
_d50192